| 000 | 01071nmm a2200349 a 4500 | ||
|---|---|---|---|
| 003 | AR-BaBNM | ||
| 005 | 20251128205024.0 | ||
| 008 | 011101s1995 ||||||||||||||000 | spa|| | ||
| 020 | _a950-99350-8-5 | ||
| 040 | _cAR-BaBNM | ||
| 245 | 1 | 0 |
_aReflexiones para la acción educativa _bincorporaciones, presentaciones y patronos : 1993-1994 |
| 250 | _a1ª ed. | ||
| 260 |
_aBuenos Aires _bAcademia Nacional de Educación _c1995 |
||
| 300 | 0 | _a294 p. | |
| 504 | _aContiene bibliografía al finalizar cada capítulo | ||
| 600 | 1 | 4 | _aFernández, Juan R. |
| 650 | 4 | _aHISTORIA DE LA EDUCACION | |
| 650 | 4 | _aORGANIZACION DE LA EDUCACION | |
| 650 | 4 | _aPOLITICA EDUCATIVA | |
| 651 | 4 | _aArgentina | |
| 653 | _aREFORMA EDUCATIVA | ||
| 700 | 1 | _aBosch, Jorge E. | |
| 700 | 1 | _aFernández Long, Hilario | |
| 700 | 1 | _aRimoldi, Horacio | |
| 700 | 1 | _aFrías, Pedro José | |
| 700 | 1 | _aCantini, José Luis | |
| 700 | 1 | _aMignone, Emilio Fermín | |
| 700 | 1 | _aManacorda de Rosetti, Mabel V. | |
| 700 | 1 | _aMoure de Vicien, Rosa Elvira | |
| 942 | _cBK | ||
| 998 | _cSILVI | ||
| 999 |
_c9694 _d9694 |
||